000 00444nam a2200181Ia 4500
001 12529
005 20260306162948.0
008 260306t2019||||xx |||||||||||||| ||spa||
041 _aESP
082 _aHR 346
_bNº 6 NOV-DIC 2019 RDC
100 _aBigiavi, Walter
_eAUT
245 0 _aRivista di diritto civile
260 _c2019
300 _apáginas 1278-1492 :
_c24 cm.
650 _aGEN
654 _aCDE
942 _cREV
_dJUS
_fJUS
_2ddc
_n
999 _c12529
_d12529